000 01911nam0a2200337 4500
001 RU\NLR\BIBL_A\011384931
005 20241115074505.0
010 _a9785808811621
_950
021 _aRU
_b2017-25927
_91925
035 _a(RuMoRGB)008851054
035 _a(NLR Aleph) 011384931
090 _a11421733
_c11421733
100 _a20170515d2016 u y0rusy50 ca
101 0 _arus
102 _aRU
105 _aa|||zzzz0|1yy
200 1 _aИнтегрированные производственные системы и ИПИ-технологии
_eучебное пособие
_fВ. П. Ларин
_gМинистерство образования и науки Российской Федерации, Федеральное государственное автономное образовательное учреждение высшего образования Санкт-Петербургский государственный университет аэрокосмического приборостроения
210 _aСанкт-Петербург
_cГУАП
_d2016
215 _a189 с.
_cил.
_d21
320 _aБиблиогр.: с. 181 (12 назв.)
606 _aПроизводственные системы
_jУчебные издания для высших учебных заведений
_92015210
_3RU\NLR\AUTH\66926916
606 1 _aЭкономический цикл жизни изделия
_jУчебные издания для высших учебных заведений
_91119026
_3RU\NLR\AUTH\66443069
606 _aАСУТП
_xПроектирование
_92321928
_3RU\NLR\AUTH\661389053
686 _aЗ986.1-02я73-1
_2rubbk
686 1 _aУ5-801я73
686 1 _aУ30(2)-82в612я73
700 1 _aЛарин
_bВ. П.
_gВалерий Павлович
942 _cBOOK
980 _aNBR